Gegen Vorurteile : wie du dich mit guten Argumenten gegen dumme Behauptungen wehrst /

Main Author: Horaczek, Nina, 1977-
Other Authors: Wiese, Sebastian
Language: German
Published: Wien : Czernin, [2015]
Physical Description: 190 stran ; 22 cm
Book
Saved in:
LEADER 01423nam a2200409 i 4500
001 001531828
003 CZ BrMZK
005 20160628070947.0
007 ta
008 160620t20152015au e f 000 0 ger
020 |a 978-3-7076-0493-1  |q (brožováno) 
040 |a BOA001  |b cze  |e rda 
072 7 |a 316.4/.7  |x Sociální interakce  |2 Konspekt  |9 18 
080 |a 316.647.8  |2 MRF 
080 |a 316.647.82  |2 MRF 
080 |a 316.77:81'42  |2 MRF 
080 |a (035)  |2 MRF 
100 1 |a Horaczek, Nina,  |d 1977-  |7 mzk2016919694  |4 aut 
245 1 0 |a Gegen Vorurteile :  |b wie du dich mit guten Argumenten gegen dumme Behauptungen wehrst /  |c Nina Horaczek, Sebastian Wiese 
264 1 |a Wien :  |b Czernin,  |c [2015] 
264 4 |c ©2015 
300 |a 190 stran ;  |c 22 cm 
336 |a text  |b txt  |2 rdacontent 
337 |a bez média  |b n  |2 rdamedia 
338 |a svazek  |b nc  |2 rdacarrier 
500 |a Terminologický slovník 
504 |a Obsahuje bibliografické odkazy 
650 0 7 |a předsudky  |7 ph137686  |2 czenas 
650 0 7 |a stereotypy  |7 ph126102  |2 czenas 
650 0 7 |a diskriminace  |7 ph119480  |2 czenas 
650 0 7 |a komunikační dovednosti  |7 ph180925  |2 czenas 
655 7 |a příručky  |7 fd133209  |2 czenas 
700 1 |a Wiese, Sebastian  |4 aut 
910 |a BOA001  |b NK-0007.413 
990 |a BK 
991 |b 201606  |c NOV  |x 44 
996 7 |b 261D009816  |c NK-0007.413  |l Německá knihovna/2.patro  |r ZHR  |n 3  |p dar  |h P  |w 001566802  |u 000010  |a 0  |e BOA001  |j MZK50  |s A